A PRACTICAL MANUAL OF PUBLIC HEALTH DENTISTRY (Record no. 4800)

MARC details
000 -LEADER
fixed length control field 00404nam a2200145Ia 4500
008 - FIXED-LENGTH DATA ELEMENTS--GENERAL INFORMATION
fixed length control field 150201s2012 xx 000 0 und d
082 ## - DEWEY DECIMAL CLASSIFICATION NUMBER
Classification number 617.601
Item number P2012M
100 ## - MAIN ENTRY--PERSONAL NAME
Personal name MARYA,CM
245 #2 - TITLE STATEMENT
Title A PRACTICAL MANUAL OF PUBLIC HEALTH DENTISTRY
250 ## - EDITION STATEMENT
Edition statement 1ST
260 ## - PUBLICATION, DISTRIBUTION, ETC. (IMPRINT)
Name of publisher, distributor, etc. JAYPEE MEDICAL PUBLISHER
Place of publication, distribution, etc. NEW DELHI
Date of publication, distribution, etc. 2012
300 ## - PHYSICAL DESCRIPTION
Extent 1-248
650 ## - SUBJECT ADDED ENTRY--TOPICAL TERM
Topical term or geographic name as entry element PREVENTIVE AND COMMUNITY DENTISTRY
942 ## - ADDED ENTRY ELEMENTS (KOHA)
Source of classification or shelving scheme Dewey Decimal Classification
Koha item type Books
Koha issues (borrowed), all copies 40
Holdings
Withdrawn status Lost status Source of classification or shelving scheme Damaged status Not for loan Home library Current library Date acquired Source of acquisition Cost, normal purchase price Serial Enumeration / chronology SGTU Bill Number Total Checkouts Full call number Barcode Checked out Date last seen Date last checked out Bill Date Koha item type
    Dewey Decimal Classification     SGT Dental Library SGT Dental Library 24/01/2013 AHUJA BOOK .CO.NEW DELHI 395.00 1 SGTU 3108 57 617.601 P2012M FD6833 08/06/2026 25/05/2026 25/05/2026 17/08/2013 Books
    Dewey Decimal Classification     SGT Dental Library SGT Dental Library 24/01/2013 AHUJA BOOK .CO.NEW DELHI 395.00 1 SGTU 3108 47 617.601 P2012M FD6834   26/05/2026 25/05/2026 17/08/2013 Books
    Dewey Decimal Classification     SGT Dental Library SGT Dental Library 24/01/2013 AHUJA BOOK .CO.NEW DELHI 395.00 1 SGTU 3108 13 617.601 P2012M FD6835   26/05/2026 25/05/2026 17/08/2013 Books
    Dewey Decimal Classification     SGT Dental Library SGT Dental Library 24/01/2013 AHUJA BOOK .CO.NEW DELHI 395.00 1 SGTU 3108 79 617.601 P2012M FD6836   25/05/2026 25/05/2026 17/08/2013 Books
    Dewey Decimal Classification     SGT Dental Library SGT Dental Library 24/01/2013 AHUJA BOOK .CO.NEW DELHI 395.00 1 SGTU 3108 64 617.601 P2012M FD6837   12/08/2025 12/08/2025 17/08/2013 Books